[Event "ODJM A 2014"]
[Site "Magdeburg GER"]
[Date "2014.06.10"]
[Round "5"]
[White "Möller, Hannah"]
[Black "Teichert, Felix"]
[Result "0-1"]
[Termination "normal"]
[Board "28"]
[WhiteElo "1577"]
[BlackElo "1686"]
[PlyCount "164"]
[WhiteFideId "1270514"]
[BlackFideId "12987670"]
[EventCountry "GER"]
[EventRounds "9"]
[EventType "swiss"]
[EventDate "2014.06.07"]

1. c4 b6 2. Nf3 Bb7 3. g3 e6 4. Bg2 f5 5. Nc3 Nf6 6. d3 Bb4 7. Bd2 O-O 8. O-O
c5 9. a3 Bxc3 10. Bxc3 d5 11. Ne5 Qc7 12. cxd5 exd5 13. Rc1 d4 14. Qb3+ Kh8 15.
Bxb7 Qxb7 16. Bd2 Qe7 17. f4 Nbd7 18. Nf3 Ng4 19. Rfe1 Ne3 20. Ng5 h6 21. Ne6
Rf6 22. Nc7 Rd8 23. Nd5 Nxd5 24. Qxd5 Qd6 25. Qxd6 Rxd6 26. e3 dxe3 27. Rxe3
Nf6 28. Re7 Rxd3 29. Bc3 R8d7 30. Rce1 Ne4 31. Bxg7+ Kh7 32. Rxd7 Rxd7 33. Be5
Kg6 34. Re2 Kh5 35. Kg2 Rd3 36. Bb8 a6 37. Bc7 b5 38. Ba5 c4 39. Bb4 Kg4 40.
Be1 Kh5 41. Bb4 Kg6 42. Rc2 h5 43. Kh3 Rd7 44. Bc3 h4 45. gxh4 Nxc3 46. bxc3
Rd3+ 47. Kg2 Kh5 48. Kf2 Kxh4 49. Ke2 Rh3 50. Kf1 Kg4 51. Kg2 Rd3 52. Kf2 Kxf4
53. Ke2 Kg4 54. Kf2 Kh3 55. Ke1 f4 56. Kf1 Re3 57. Kg1 a5 58. Kf1 a4 59. Kg1
Rd3 60. Kf1 Rd1+ 61. Kf2 Kxh2 62. Kf3+ Kh3 63. Kxf4 Rf1+ 64. Ke3 Ra1 65. Kd2
Rxa3 66. Rb2 Rb3 67. Ra2 Kg3 68. Kc2 Kf3 69. Kd2 Ke4 70. Ra1 a3 71. Kc2 Rb2+
72. Kc1 Kd3 73. Rxa3 Rb3 74. Ra2 Rxc3+ 75. Kd1 Rb3 76. Rd2+ Kc3 77. Rc2+ Kb4
78. Ra2 c3 79. Kc1 Ra3 80. Rxa3 Kxa3 81. Kc2 b4 82. Kb1 c2+ 0-1

[Event "ODJM A 2014"]
[Site "Magdeburg GER"]
[Date "2014.06.10"]
[Round "5"]
[White "Usczeck, Alina"]
[Black "Reck, Jessica"]
[Result "1-0"]
[Termination "normal"]
[Board "29"]
[WhiteElo "1566"]
[BlackElo "1613"]
[PlyCount "91"]
[WhiteFideId "12938114"]
[BlackFideId "12917931"]
[EventCountry "GER"]
[EventRounds "9"]
[EventType "swiss"]
[EventDate "2014.06.07"]

1. e4 g6 2. d4 Bg7 3. Nc3 d6 4. Be3 c6 5. Qd2 Nd7 6. O-O-O b5 7. Kb1 b4 8. Nce2
a5 9. f3 Qb6 10. Nc1 Ba6 11. Bxa6 Rxa6 12. h4 c5 13. dxc5 Nxc5 14. Nd3 f5 15.
Nxc5 dxc5 16. Qd7+ Kf7 17. Qd5+ Qe6 18. Bxc5 Nf6 19. Qxe6+ Rxe6 20. exf5 gxf5
21. Nh3 h6 22. Rhe1 Rd8 23. Kc1 Rd5 24. Rxe6 Rxd1+ 25. Kxd1 Kxe6 26. Nf4+ Kf7
27. Bb6 e5 28. Ne2 a4 29. Bc5 Nd5 30. Kd2 Bf6 31. g3 Bd8 32. Kd3 Be7 33. Kc4
Bxc5 34. Kxd5 Be7 35. Kxe5 Bf6+ 36. Kxf5 Bxb2 37. g4 Bg7 38. Nf4 Bf8 39. Nd3
Be7 40. g5 Kg7 41. Ke6 Bf8 42. f4 hxg5 43. hxg5 Kg6 44. Ne5+ Kh7 45. Kf7 Bd6
46. g6+ 1-0

[Event "ODJM A 2014"]
[Site "Magdeburg GER"]
[Date "2014.06.10"]
[Round "5"]
[White "Udaykumar, Arunn Mark"]
[Black "Greßmann, Hanna"]
[Result "0-1"]
[Termination "normal"]
[Board "30"]
[WhiteElo "1767"]
[BlackElo "1551"]
[PlyCount "42"]
[WhiteFideId "12965456"]
[BlackFideId "12930709"]
[EventCountry "GER"]
[EventRounds "9"]
[EventType "swiss"]
[EventDate "2014.06.07"]

1. e4 e5 2. Nf3 Nc6 3. d4 exd4 4. Bc4 Nf6 5. e5 d5 6. Bb5 Ne4 7. Nxd4 Bd7 8.
Bxc6 bxc6 9. O-O Bc5 10. Be3 O-O 11. f3 Ng5 12. f4 Ne4 13. f5 Qe8 14. f6 Qxe5
15. fxg7 Kxg7 16. Nf5+ Bxf5 17. Bxc5 Nxc5 18. Nc3 Bg6 19. Qg4 Ne4 20. Ne2 Nf6
21. Qf3 Bh5 0-1

[Event "ODJM A 2014"]
[Site "Magdeburg GER"]
[Date "2014.06.10"]
[Round "5"]
[White "Kovac, Laura"]
[Black "Maurer, Noah"]
[Result "1/2-1/2"]
[Termination "normal"]
[Board "31"]
[WhiteElo "1602"]
[BlackElo "1823"]
[PlyCount "54"]
[WhiteFideId "12938882"]
[BlackFideId "12920673"]
[EventCountry "GER"]
[EventRounds "9"]
[EventType "swiss"]
[EventDate "2014.06.07"]

1. e4 c5 2. Nc3 a6 3. Bc4 e6 4. d3 b5 5. Bb3 Bb7 6. a4 b4 7. Nce2 Qc7 8. c3 Nc6
9. f4 d6 10. Nf3 Nf6 11. O-O Be7 12. Qe1 O-O-O 13. Bd2 Qb6 14. Nc1 a5 15. Bc2
d5 16. e5 Ne8 17. Qf2 d4 18. c4 g6 19. Ne2 Ng7 20. Ng3 h5 21. h4 Nf5 22. Nxf5
gxf5 23. Rae1 Rdg8 24. Ng5 Nd8 25. Bd1 Bxg5 26. fxg5 Qc6 27. Bf4 Rh7 1/2-1/2